| 000 -LEADER |
| fixed length control field |
01644nam a2200385 a 4500 |
| 001 - CONTROL NUMBER |
| control field |
1194416 |
| 003 - CONTROL NUMBER IDENTIFIER |
| control field |
NUST |
| 005 - DATE AND TIME OF LATEST TRANSACTION |
| control field |
20191115185831.0 |
| 008 - FIXED-LENGTH DATA ELEMENTS--GENERAL INFORMATION |
| fixed length control field |
980319s1996 uy ab b i001 0 spa |
| 010 ## - LIBRARY OF CONGRESS CONTROL NUMBER |
| LC control number |
97833055 |
| 020 ## - INTERNATIONAL STANDARD BOOK NUMBER |
| International Standard Book Number |
9974754100 (Testoni Studios Ediciones) |
| 020 ## - INTERNATIONAL STANDARD BOOK NUMBER |
| International Standard Book Number |
9230032956 (UNESCO Ediciones) |
| 038 ## - RECORD CONTENT LICENSOR |
| Staff Name |
Arshad |
| 040 ## - CATALOGING SOURCE |
| Original cataloging agency |
DLC |
| Transcribing agency |
DLC |
| 041 0# - LANGUAGE CODE |
| Language code of text/sound track or separate title |
spaeng |
| 042 ## - AUTHENTICATION CODE |
| Authentication code |
lcode |
| 043 ## - GEOGRAPHIC AREA CODE |
| Geographic area code |
s-uy--- |
| -- |
s-ag--- |
| 050 00 - LIBRARY OF CONGRESS CALL NUMBER |
| Classification number |
F2791.C5 |
| Item number |
C65 1996 |
| 082 ## - DEWEY DECIMAL CLASSIFICATION NUMBER |
| Classification number |
720.989511 |
| Author Mark |
COL |
| 245 00 - TITLE STATEMENT |
| Title |
Colonia del Sacramento : |
| Remainder of title |
patrimonio mundial = World heritage / |
| Statement of responsibility, etc. |
prefacio, Federico Mayer ; introducción, Marta Canessa de Sanguinetti ; desarrollo histórico, Fernando Assunção ; aspectos urbanos y arquitectónicos, Antonio Cravotto ; [fotografías, Héctor Testoni, Julio Testoni]. |
| 250 ## - EDITION STATEMENT |
| Edition statement |
1. ed. |
| 260 ## - PUBLICATION, DISTRIBUTION, ETC. |
| Place of publication, distribution, etc. |
[Montevideo, Uruguay] : |
| Name of publisher, distributor, etc. |
Testoni Studios Ediciones ; |
| Place of publication, distribution, etc. |
[París, Francia] : |
| Name of publisher, distributor, etc. |
Ediciones UNESCO, |
| Date of publication, distribution, etc. |
1996. |
| 300 ## - PHYSICAL DESCRIPTION |
| Extent |
297 p. : |
| Other physical details |
ill. (some col.), maps (some col.) ; |
| Dimensions |
34 cm. |
| 504 ## - BIBLIOGRAPHY, ETC. NOTE |
| Bibliography, etc. note |
Includes bibliographical references (p. [290]-291) and indexes. |
| 651 #0 - SUBJECT ADDED ENTRY--GEOGRAPHIC NAME |
| Geographic name |
Colonia del Sacramento (Uruguay) |
| General subdivision |
History. |
| 9 (RLIN) |
25692 |
| 651 #0 - SUBJECT ADDED ENTRY--GEOGRAPHIC NAME |
| Geographic name |
Colonia del Sacramento (Uruguay) |
| General subdivision |
Pictorial works. |
| 9 (RLIN) |
25693 |
| 651 #0 - SUBJECT ADDED ENTRY--GEOGRAPHIC NAME |
| Geographic name |
Rio de la Plata Region (Argentina and Uruguay) |
| General subdivision |
History. |
| 9 (RLIN) |
25694 |
| 700 1# - ADDED ENTRY--PERSONAL NAME |
| Personal name |
Assunção, Fernando O. |
| 9 (RLIN) |
25695 |
| 700 1# - ADDED ENTRY--PERSONAL NAME |
| Personal name |
Cravotto, Antonio. |
| 9 (RLIN) |
25696 |
| 700 1# - ADDED ENTRY--PERSONAL NAME |
| Personal name |
Testoni, Héctor. |
| 9 (RLIN) |
25697 |
| 700 1# - ADDED ENTRY--PERSONAL NAME |
| Personal name |
Testoni, Julio. |
| 9 (RLIN) |
25698 |
| 906 ## - LOCAL DATA ELEMENT F, LDF (RLIN) |
| a |
7 |
| b |
cbc |
| c |
origode |
| d |
2 |
| e |
ncip |
| f |
19 |
| g |
y-gencatlg |
| 942 ## - ADDED ENTRY ELEMENTS (KOHA) |
| Source of classification or shelving scheme |
|
| Koha item type |
Book |